Optimalizácia prístupu riadenia v podmienkach home office

Uložené v:
Podrobná bibliografia
Hlavný autor: Gažová Adamková, Hana, 1969-
Médium: Kapitola
Jazyk:Slovak
English
Predmet:
Tagy: Pridať tag
Žiadne tagy, Buďte prvý, kto otaguje tento záznam!

MARC

LEADER 00000naa$a2200000$$$4500
001 0280972
005 20240502074349.8
041 0 |a slo 
041 0 |a eng 
044 |a SK 
245 1 0 |a Optimalizácia prístupu riadenia v podmienkach home office  |c Hana Gažová Adamková 
500 |a abstrakt 
610 2 0 |a práca z domu 
610 2 0 |a zamestnanci 
610 2 0 |a zamestnávatelia 
610 2 0 |a riadenie 
610 2 0 |a motivácia 
610 2 0 |a pandémia 
100 1 |a Gažová Adamková, Hana, 1969-